| 000 | 00366nam a22001457a 4500 | ||
|---|---|---|---|
| 999 |
_c15579 _d15579 |
||
| 003 | OSt | ||
| 008 | 190517b ||||| |||| 00| 0 eng d | ||
| 020 | _a9789387973091 | ||
| 082 |
_a551.48 _bKAL/IN |
||
| 100 |
_aKale, M U _94058 |
||
| 245 | _aInroductory Hydroinformatics | ||
| 260 |
_aNew Delhi _bNew india Publishing Agency _c2018 |
||
| 300 | _a149 p. | ||
| 942 | _cBK | ||